[Event "FRA-chT2"]
[Site "France"]
[Date "2002.03.??"]
[Round "8"]
[White "Gense, Christophe"]
[Black "Helstroffer, Arnaud"]
[Result "0-1"]
[WhiteElo "2000"]
[BlackElo "2074"]
[PlyCount "72"]
[EventDate "2002.??.??"]
[EventType "team"]
[EventRounds "11"]
[EventCountry "FRA"]
[SourceTitle "EXT 2003"]
[Source "ChessBase"]
[SourceDate "2002.11.25"]
[SourceVersion "1"]
[SourceVersionDate "2002.11.25"]
[SourceQuality "1"]

1. e4 c5 2. Nf3 d6 3. d4 cxd4 4. Nxd4 Nf6 5. Nc3 g6 6. Be3 Bg7 7. f3 0-0 8. Qd2 Nc6 9. 0-0-0 d5 10. Nxc6 bxc6 11. exd5 Nxd5 12. Nxd5 cxd5 13. Qxd5 Qc7 14. Qc5 Qb7 15. Qa3 Bf5 16. Bc4 Rfc8 17. Bb3 a5 18. c3 Qc7 19. Bd2 Rd8 20. g3 Qc6 21. Qxe7 Rd7 22. Qe2 Bd3 23. Qe3 a4 24. Bc2 a3 25. b3 Bxc3 26. Bxc3 Qxc3 27. Rxd3 Qa1+ 28. Kd2 Rxd3+ 29. Bxd3 Qxh1 30. Qf2 Qa1 31. Ke3 Re8+ 32. Kf4 Qe5+ 33. Kg4 Qh5+ 34. Kf4 Qh6+ 35. Kg4 f5+ 36. Bxf5 Qh5+ 0-1

[Event "FRA-chT2"]
[Site "France"]
[Date "2002.03.??"]
[Round "10"]
[White "Gense, Christophe"]
[Black "Peter, Sebastien"]
[Result "1/2-1/2"]
[WhiteElo "2000"]
[BlackElo "2282"]
[PlyCount "43"]
[EventDate "2002.??.??"]
[EventType "team"]
[EventRounds "11"]
[EventCountry "FRA"]
[SourceTitle "EXT 2003"]
[Source "ChessBase"]
[SourceDate "2002.11.25"]
[SourceVersion "1"]
[SourceVersionDate "2002.11.25"]
[SourceQuality "1"]

1. e4 e6 2. d4 d5 3. Nc3 Nf6 4. Bg5 Bb4 5. e5 h6 6. Be3 Ne4 7. Qg4 g6 8. a3 Bxc3+ 9. bxc3 c5 10. Bd3 Qa5 11. Ne2 cxd4 12. Bxd4 Nc6 13. 0-0 Nc5 14. Qf4 Nxd3 15. cxd3 Nxd4 16. Nxd4 Bd7 17. Rfc1 Rc8 18. Qd2 Kf8 19. Qb2 b6 20. Qb4+ Qc5 21. Nb3 Qxb4 22. cxb4 1/2-1/2